000 00553nam a2200169 4500
001 121505
003 ES-MaACL
005 20230906191748.0
007 t|
008 070214s1960 sp r ||||1| spa d
100 1 _aPlanchard, Emile.
_992536
245 1 3 _aLa investigación pedagógica
_b: objeto, métodos, resultados /
_cEmile Planchard ; traducción y prólogo de José Torres Martínez.
260 _aMadrid :
_bFax,
_c1960.
300 _a254 p. ;
_c21 cm.
700 1 _aTorres Martínez, José.
_9110980
852 _aES-MaACL
_jC-19094
_bR.46977
999 _c121505
_d121505